000 00535nam a2200181Ia 4500
008 090124s9999 xx 000 0 und d
082 _b21998
_a2440
100 _aपाटील के.डी.
245 _a करावं तसं भरावं
250 _a1
260 _c1977
300 _a80
600 _aपाटील के.डी.
630 _a करावं तसं भरावं
700 _aपाटील के.डी.
730 _a करावं तसं भरावं
942 _cBOOK
999 _c135645
_d135645